| 000 | 00919nas a2200313 4500 | ||
|---|---|---|---|
| 001 | BR0204764 | ||
| 003 | BR-BrBNA | ||
| 005 | 20231205103244.0 | ||
| 007 | ta | ||
| 008 | 230509b bl.|||p| |||| 00| 00por d | ||
| 040 |
_aBR-BrBNA _bpor _cBiblioteca Nacional de Agricultura |
||
| 041 | _a(Pt) | ||
| 072 | _aK50 | ||
| 100 | 1 | _aGonçalez, J.C. | |
| 100 | 1 | _aJanin, G. | |
| 100 | 1 | _aSantoro, A.C.S. | |
| 100 | 1 | _aCosta, A.F. da | |
| 100 | 1 | _aValle, A.T. do | |
| 245 | 1 | _aColorimetria quantitativa: uma técnica objetiva de determinar a cor da madeira | |
| 650 | _aÁRVORE ANGIOSPERMA | ||
| 650 | _aMADEIRA | ||
| 650 | _aCOLORIMETRIA | ||
| 650 | _aQUALIDADE | ||
| 650 | _aPROPRIEDADE FÍSICO-QUÍMICA | ||
| 650 | _aDISTRITO FEDERAL | ||
| 773 | 0 |
_tBrasil Florestal (Brazil) _xISSN 0045-270X _g(Nov 2001), v. 20(72) p. 47-58 _wBR0204764 |
|
| 909 |
_a202311 _bLúcia _c55 _dLúcia Elande |
||
| 942 |
_2AGRIS _n0 _cANA |
||
| 999 |
_c171911 _d171911 |
||